00234 a2200109 4500001000700000020000600007040001100013100002400024240003600048245003100084362000900115165230 a  cMagnum aRojo, Roxane (Org.)10aAlfabetizacao e letramentolpor10aAlfabetizacao e letramento0 a1899